| 000 | 01514nam a2200241Ia 4500 | ||
|---|---|---|---|
| 003 | Ost | ||
| 005 | 20260507074840.0 | ||
| 008 | 260507s9999||||xx |||||||||||||| ||und|| | ||
| 020 | _a9789957982393 | ||
| 040 | _cfsecg | ||
| 041 | _aara | ||
| 082 | _a332.12 | ||
| 100 |
_aخلوفي، وهيبة _eمؤلف |
||
| 245 | 0 |
_aإدارة المصارف الإسلامية / _c وهيبة خلوفي |
|
| 260 |
_aعمان: _bدار الإعصار العلمي للنشر والتوزيع, _c2016 |
||
| 300 |
_a257 صفحة؛ _bإيضاحات ؛ _c25 سم |
||
| 504 | _a ببليوغرافيا: ص.249-257 | ||
| 520 | _aيضم ماهية البنوك الإسلامية وخصائصها، أنواع الخدمات المصرفية الإسلامية والوساطة المالية في المصارف الإسلامية، إدارة السيولة في المصارف الإسلامية، أسباب الأزمة المالية العالمية كرؤية إسلامية، النواحي الإيجابية في التعامل المصرفي في ظل معايير المحاسبة للمؤسسات المالية الإسلامية، طبيعة التعامل المصرفي وأهميته في التنمية الإقتصادية والإجتماعية، معايير المحاسبة للمؤسسات المالية الإسلامية. | ||
| 653 | _aالإقتصاد الإسلامي | ||
| 653 | _aالبنوك الإسلامية | ||
| 653 | _aالبنوك- تنظيم وإدارة | ||
| 942 | _cكتاب | ||
| 999 |
_c41513 _d41513 |
||